Detalles MARC
| 000 -LÍDER |
| Campo fijo de descripción fija |
01161nam a2200289 i 4500 |
| 001 - NÚMERO DE CONTROL |
| Campo de control |
768714001 |
| 003 - IDENTIFICADOR DEL NÚMERO DE CONTROL |
| Campo de control |
CO-MdFUSB |
| 005 - FECHA Y HORA DE LA ULTIMA TRANSACCIÓN |
| control field |
20240618062721.0 |
| 008 - ELEMENTOS DE LONGITUD FIJA -- INFORMACIÓN GENERAL |
| Campo fijo de descripción fija -- Información general |
200723t2000 ec |||| |||| 00| 0 spa d |
| 020 ## - NÚMERO INTERNACIONAL NORMALIZADO PARA LIBROS |
| Información adicional |
[No incluye ISBN] |
| 040 ## - FUENTE DE CATALOGACIÓN |
| Agencia de catalogación original |
CO-MdFUSB |
| Idioma de catalogación |
spa |
| Agencia que realiza la transcripción |
CO-MdFUSB |
| Agencia que realiza la modificación |
CO-MdFUSBC |
| Convenciones de la descripción |
rda |
| 041 ## - CÓDIGO DE IDIOMA |
| Código de idioma para texto/pista de sonido o título separado |
spa |
| 090 ## - SIGNATURA TOPOGRÁFICA LOCAL |
| Número de clasificación local |
AV 0126 |
| 245 1# - TÍTULO |
| Título del Material |
Unidad y misión en América Latina |
| Parte restante del título - Subtitulo |
: documentos de reflexión para la consulta de Misión y la Cuarta Asamblea del CLAI |
| Mención de responsabilidad, etc. |
/ compilado por Victor Rey |
| 264 #1 - PRODUCCIÓN, PUBLICACIÓN, DISTRIBUCIÓN, MANUFACTURA, Y COPYRIGHT |
| Lugar de producción, publicación, distribución, manufactura |
Quito, Ecuador : |
| Nombre del productor, publicador, distribuidor |
Consejo Latinoamericano de Iglesias, |
| Fecha de producción, publicación, distribución, manufactura, o copyright |
[2000] |
| 264 #4 - PRODUCCIÓN, PUBLICACIÓN, DISTRIBUCIÓN, MANUFACTURA, Y COPYRIGHT |
| Fecha de producción, publicación, distribución, manufactura, o copyright |
©2000 |
| 300 ## - DESCRIPCIÓN FÍSICA |
| Extensión |
38 páginas |
| Dimensiones |
; 17 cm |
| 336 ## - TIPO DE CONTENIDO |
| Fuente |
rdacontent |
| Término de tipo de contenido |
texto |
| Código de tipo de contenido |
txt |
| 337 ## - TIPO DE MEDIO |
| Fuente |
rdamedia |
| Nombre del tipo de medio |
sin mediación |
| Código del tipo de medio |
n |
| 338 ## - TIPO DE SOPORTE |
| Fuente |
rdacarrier |
| Nombre del tipo de soporte |
volumen |
| Código Tipo de soporte |
nc |
| 490 ## - MENCIÓN DE SERIE |
| Mención de serie |
Serie teología en el camino |
| 505 ## - NOTA DE CONTENIDO |
| Nota de contenido con formato preestablecido |
Presentación -- Introducción -- Unidad y misión: una invitación del Señor -- Misión y Unidad: Una historia de encuentros y desencuentros -- Misión y unidad en el movimiento pentescostal -- Apéndice: ecumenismo, ecumeneudad y testimonio |
| 650 #0 - ASIENTO SECUNDARIO DE MATERIA - TERMINO TEMÁTICO |
| Término temático o nombre geográfico como elemento de entrada |
Misiones |
| 9 (RLIN) |
154 |
| 650 #0 - ASIENTO SECUNDARIO DE MATERIA - TERMINO TEMÁTICO |
| 9 (RLIN) |
1146 |
| Término temático o nombre geográfico como elemento de entrada |
Ecumenismo |
| 942 ## - TIPO DE MATERIAL (KOHA) |
| Tipo de Item KOHA |
Documentos Archivo Vertical |
| 945 ## - LOCAL PROCESSING INFORMATION (OCLC) |
| a |
JTF-925 |